Statistics for 2000s U.S. Pop Culture

Click here to take the quiz!

General Stats

  • This quiz has been taken 11,855 times
  • The average score is 10 of 20

Answer Stats

QuestionAnswer% Correct
What popular video game simulated playing a guitar?Guitar Hero
92%
Who became the most muscular governor in California history?Arnold Schwarzenegger
84%
Whose birth certificate became an obsession for conspiracy theorists?Barack Obama
81%
What technology defeated its rival HD-DVD?Blu-Ray
74%
What type of shirt did Steve Jobs wear?Mock Turtleneck
67%
On what freewheeling website could you sell your couch, find an apartment,
or have a "casual encounter"?
Craigslist
63%
What brand of SUV was based on a military vehicle?Hummer
61%
What version of poker was played at the "World Series of Poker"?Texas Hold'Em
60%
What were Ben Affleck and Jennifer Lopez known as collectively?Bennifer
59%
Who wrote "The Da Vinci Code"?Dan Brown
55%
What thin Motorola phone was the best-selling clamshell phone of all time?RAZR
50%
What lifestyle expert was convicted of insider trading?Martha Stewart
45%
What was the name of the yellow anti-cancer bracelets?Livestrong
42%
What internet company bought Time Warner in 2001 - at the time the biggest
merger in U.S. history?
AOL
37%
What was the name of Al Gore's climate change documentary?An Inconvenient Truth
36%
Who was automatically your first friend on MySpace?Tom Anderson
36%
What part of ballot could be hanging, fat, pregnant?Chad
33%
What primitive mapping website was popular before the introduction of Google Maps?Mapquest
33%
Who was confused about the difference between chicken and tuna?Jessica Simpson
30%
What was the first social networking site to have 1 million members?Friendster
11%

Score Distribution

Percentile by Number Answered

Percent of People with Each Score

Your Score History

You have not taken this quiz